| 000 | 00000nas##2200000za#4500 |
| 001 | 9.513399 |
| 003 | CaOODSP |
| 005 | 20200331211304 |
| 007 | ta |
| 008 | 150406c2002||||xxc|| p #||||f| |0fre|d |
| 040 | |aCaOODSP|bfre |
| 043 | |an-cn--- |
| 086 | 1 |aP60-4/1F |
| 110 | 1 |aCanada. |bTravaux publics et services gouvernementaux Canada. |
| 245 | 10|aClauses et conditions uniformisées d'achat / |cPréparé par la Direction de la politique opérationnelle. |
| 260 | |aOttawa - Ontario : |bTravaux publics et Services gouvernementaux Canada |
| 310 | |aIrrégulier |
| 563 | |aFeuilles mobiles |
| 775 | 08|tStandard acquisition clauses and conditions / |w(CaOODSP)9.515064 |
| 776 | 0#|tClauses et conditions uniformisées d'achat / |w(CaOODSP)9.501090 |